000 01419nam a22002657a 4500
003 Uzh_bibl
005 20251029162645.0
008 251029b |||||||| |||| 00| 0 ukr d
020 _c41.43
040 _bукр.
041 _2ukr
_aukr
080 _a821.161.2
090 _a821.161.2
_bБ 14
100 _aБагмут Іван
245 _aВибрані твори
300 _a261 с.
_bіл.
_fВ опр.
490 _aБібліотечна серія
_vТом 2
520 _aДо другого тому вибраних творів українського радянського письменника лауреата Республіканської літературної премії імені Лесі Українки увійшлиповісті та оповідання, у яких він порушує ряд морально-етичних та естетичних проблем, піднімає питання про чесність і справедливість як дорослих, так і дітей.
521 _aДля середнього шкільного віку
546 _aукр.
650 _aЛітературно-художнє видання
_xЛітературно-художнє видання
653 _aПригоди чорного кота лапченка
655 _aПовісті та оповідання
942 _2udc
_cBK
999 _c15899
_d15899